| 000 | 00998nam a22003253a 4500 | ||
|---|---|---|---|
| 001 | 22843 | ||
| 003 | SK-KTurca | ||
| 005 | 20260429130913.0 | ||
| 008 | 090316s2009 xo d 000 f slo d | ||
| 020 | _a9788055120089 (viaz.) | ||
| 035 | _aa000406781 | ||
| 040 |
_aUKB _bslo _cUKB _eAACR2 |
||
| 041 | 1 |
_aslo _heng |
|
| 044 |
_axo _cSK |
||
| 072 | 7 |
_a821.111 _xAnglická literatúra, anglicky písaná _2konspekt |
|
| 080 |
_a821.111(540)-31 _22004 |
||
| 080 |
_a(0:82-31) _22004 |
||
| 100 | 1 | _aSwarup, Vikas | |
| 240 | 1 | 0 |
_aQ & A _lSlovensky |
| 245 | 1 | 0 |
_aMiliardár _bfilmový hit Dannyho Boyla Milionár z chatrče _cVikas Swarup ; [z anglického originálu preložila Marína Gálisová] |
| 250 | _a2. vyd. | ||
| 260 |
_aBratislava _bIkar _c2009 |
||
| 300 | _a285 s. | ||
| 653 | _a821.111(540)-31 | ||
| 653 | _a(0:82-31) | ||
| 655 | 7 |
_aindické romány (anglicky) _2UKBPH |
|
| 700 | 1 |
_aGálisová, Marína _4trl |
|
| 765 | 0 |
_tQ & A. Slovensky _aSwarup, Vikas |
|
| 942 |
_2ddc _cKLDO _n0 |
||
| 999 |
_c22843 _d22843 |
||